000 004960000a22001810004500
020 _a0-8007-0665-X
041 0 _aENG
082 0 4 _aG 269.2 B7247t
100 1 _aTen Boom, Corrie
245 1 0 _aTramp for the Lord / Corrie Ten Boom, Jaime Buckinghan
260 _aFort Washington, PA., USA : Christian Literature Crusade
300 _a192 Pag
001 8115
942 _cBK
999 _c38310
_d38310
336 _atexto
_btxt
_2rdacontent
337 _2rdamedia
_asin mediación
_bn
338 _2rdacarrier
_avolumen
_bnc